Paroles Demain c'est b3id-TIF - Statistiques

Statistiques générales
  • Ce quiz a été pris 55 fois
  • Le résultat moyen est 162 sur 316
Statistiques - réponses
Réponse % Correct
d'
95%
de
95%
a
92%
à
92%
c'est
87%
C'est
87%
m'a
84%
ma
84%
pas
84%
au
79%
des
79%
la
79%
te
79%
Alger
76%
ca
76%
ça
76%
découpage
76%
Elle
76%
elle
76%
le
76%
Plus
76%
plus
76%
populaires
76%
prod
74%
quartiers
74%
aide
71%
du
71%
mama
71%
aucune
68%
b3id
68%
B3id
68%
Demain
68%
je
68%
life
68%
l'opinel
68%
temps
68%
toute
68%
eu
66%
grave
66%
quand
66%
t'as
66%
digne
63%
est
63%
que
63%
fierté
61%
tourne
61%
bonne
58%
fais
58%
maille
58%
un
58%
dit
55%
hey
55%
j'ferai
55%
chez
53%
coup
53%
débite
53%
Et
53%
et
53%
faut
53%
j'ai
53%
J'ai
53%
une
53%
vite
53%
belle
50%
d'attaches
50%
salade
50%
sale
50%
beaucoup
47%
boude
47%
divers
47%
j'prendrai
47%
madame
47%
misère
47%
peut
47%
tourner
47%
vinaigre
47%
compense
45%
c'que
45%
j'oublie
45%
mon
45%
qu'elle
45%
diversifie
42%
inepties
42%
j'reviendrai
42%
sur
42%
veut
42%
fois
39%
qui
39%
rencontrer
39%
sofas
39%
tel
37%
tom
37%
flouze
34%
mais
34%
Mehdi
34%
olive
34%
pensée
34%
sisi
34%
sweet
34%
venue
34%
en
32%
houma
32%
les
32%
Les
32%
pour
32%
qu'un
32%
seul
32%
s'repose
32%
tu
32%
comme
29%
douleur
29%
longueur
29%
monnaie
29%
projet
29%
qu'jme
29%
stade
29%
t'es
29%
coeur
26%
heure
26%
ils
26%
d'la
24%
épisode
24%
qu'l'hiver
24%
réticente
24%
reviendras
24%
Sony
24%
souffre
24%
t'étais
24%
toi
24%
autres
21%
donc
21%
dort
21%
lover
21%
mal
21%
même
21%
moi
21%
profite
21%
qu'une
21%
signature
21%
sobre
21%
y a
21%
chouf
18%
m'harcèle
18%
ne
18%
réfléchis
18%
seule
18%
tellement
18%
ti-sor
18%
vif
18%
crois
16%
fille
16%
folles
16%
ont
16%
anesthésié
13%
boule
13%
chanter
13%
Corps
13%
haine
13%
hooligan
13%
houle
13%
mer
13%
suis
13%
Après
11%
cannent
11%
garder
11%
igo
11%
j'dois
11%
J'le
11%
j't'ai
11%
miens
11%
pote
11%
pris
11%
Fond
8%
huh
8%
j'vais
8%
s'chauffa
8%
pourtant
5%
flingue
3%
sauvre
3%
en pote
0%
Aucun quiz correspondant
Distribution des résultats
% des personnes avec chaque résultat
Percentile par nombre de réponses
Votre historique - résultats
Vous n’avez pas pris ce quiz